LEADER 01006nam0-22003251i-450- 001 990008101560403321 005 20050429121047.0 035 $a000810156 035 $aFED01000810156 035 $a(Aleph)000810156FED01 035 $a000810156 100 $a20050429d1992----km-y0itay50------ba 101 0 $aita 102 $aIT 105 $ay---n-----1yy 200 1 $aRicerche plutarchee$fM. R. Cammarota ... [et al.]$ga cura di Italo Gallo 210 $aNapoli$cArte tipografica$d©1992 215 $a182 p.$d21 cm 225 1 $aQuaderni del Dipartimento di scienze dell'antichitą$fUniversitą degli studi di Salerno 610 0 $aPlutarcp$aOpere$aTradizione e critica del testo 676 $a888.0108 702 1$aGallo,$bItalo$c 702 1$aCammarota,$bMaria Rubina 801 0$aIT$bUNINA$gRICA$2UNIMARC 901 $aBK 912 $a990008101560403321 952 $aP2B-610-PLUTAR-8G.I.-1992$fFLFBC 959 $aFLFBC 996 $aRicerche plutarchee$9753890 997 $aUNINA LEADER 01615nas 2200553- 450 001 9910231760203321 005 20241223110046.0 011 $a2214-9635 035 $a(DE-599)ZDB2763352-4 035 $a(OCoLC)877906529 035 $a(CKB)3350000000000680 035 $a(CONSER)--2016243137 035 $a(MiFhGG)7125 035 $a(EXLCZ)993350000000000680 100 $a20140422a20149999 o-- - 101 0 $aeng 135 $aur||||||||||| 181 $ctxt$2rdacontent 182 $cc$2rdamedia 183 $acr$2rdacarrier 200 00$aJournal of arthroscopy and joint surgery 210 1$a[Amsterdam] :$cElsevier B.V.,$d[2014]- 210 31$a[Mumbai] :$cWolters Kluwer - Medknow 215 $a1 online resource 300 $aRefereed/Peer-reviewed 517 1 $aJAJS 606 $aArthroscopy$vPeriodicals 606 $aJoints$xSurgery$vPeriodicals 606 $aArthroscopy$2fast$3(OCoLC)fst00817163 606 $aJoints$xSurgery$2fast$3(OCoLC)fst00983925 606 $aArthroscopy 606 $aArthroplasty 606 $aJoints 608 $aPeriodicals 608 $aPeriodicals.$2fast 608 $aPeriodical. 615 0$aArthroscopy 615 0$aJoints$xSurgery 615 7$aArthroscopy. 615 7$aJoints$xSurgery. 615 12$aArthroscopy. 615 22$aArthroplasty. 615 22$aJoints. 676 $a617.47 712 02$aInternational Society for Knowledge for Surgeons on Arthroscopy and Arthroplasty, 906 $aJOURNAL 912 $a9910231760203321 996 $aJournal of arthroscopy and joint surgery$91902904 997 $aUNINA LEADER 02900oas 2201189 a 450 001 9910333249803321 005 20251114213013.0 011 $a1095-9157 035 $a(DE-599)ZDB1468989-3 035 $a(DE-599)1468989-3 035 $a(OCoLC)36982992 035 $a(CONSER)sn 97001946 035 $a(CKB)954922649139 035 $a(EXLCZ)99954922649139 100 $a19970529a19889999 sy a 101 0 $aeng 135 $aur||||||||||| 181 $ctxt$2rdacontent 182 $cc$2rdamedia 183 $acr$2rdacarrier 200 10$aJournal of autoimmunity 210 1$aLondon, UK :$cAcademic Press,$d©1988- 210 31$aAmsterdam :$cElsevier 300 $aRefereed/Peer-reviewed 311 08$a0896-8411 531 0 $aJ. autoimmun. 606 $aAutoimmunity$vPeriodicals 606 $aAutoimmune diseases$vPeriodicals 606 $aAutoantibodies 606 $aAutoimmune diseases 606 $aAutoantibodies 606 $aAutoimmune Diseases 606 $aAuto-immunite?$vPe?riodiques 606 $aMaladies auto-immunes$vPe?riodiques 606 $aAutoanticorps 606 $aMaladies auto-immunes 606 $aAutoantibodies$2fast$3(OCoLC)fst00822532 606 $aAutoimmune diseases$2fast$3(OCoLC)fst00822663 606 $aAutoimmunity$2fast$3(OCoLC)fst00822674 608 $aPeriodical. 608 $aperiodicals.$2aat 608 $aPeriodicals.$2fast 608 $aPeriodicals.$2lcgft 608 $aPe?riodiques.$2rvmgf 615 0$aAutoimmunity 615 0$aAutoimmune diseases 615 0$aAutoantibodies. 615 0$aAutoimmune diseases. 615 2$aAutoantibodies. 615 2$aAutoimmune Diseases. 615 6$aAuto-immunite? 615 6$aMaladies auto-immunes 615 6$aAutoanticorps. 615 6$aMaladies auto-immunes. 615 7$aAutoantibodies. 615 7$aAutoimmune diseases. 615 7$aAutoimmunity. 676 $a616 801 0$bOH1 801 1$bOH1 801 2$bNSD 801 2$bOCL 801 2$bMYG 801 2$bOCLCQ 801 2$bMYG 801 2$bOCLCQ 801 2$bGUA 801 2$bMUQ 801 2$bOCLCQ 801 2$bOCL 801 2$bOCLCQ 801 2$bOCLCO 801 2$bOCLCQ 801 2$bOPELS 801 2$bOCLCF 801 2$bTXA 801 2$bEUW 801 2$bOCLCQ 801 2$bNLE 801 2$bDLC 801 2$bBUF 801 2$bU3W 801 2$bEZC 801 2$bMST 801 2$bFQM 801 2$bWYU 801 2$bUKMGB 801 2$bTKN 801 2$bVT2 801 2$bNJT 801 2$bOCLCO 801 2$bOCLCQ 801 2$bOCLCO 801 2$bOCL 801 2$bOCLCQ 801 2$bUAB 801 2$bOCLCL 801 2$bOCLCQ 906 $aJOURNAL 912 $a9910333249803321 996 $aJournal of autoimmunity$92426581 997 $aUNINA